Wertvollste Spieler der Bundesliga - Statistiken

Allgemein
  • Dieses Quiz wurde 149 mal gespielt
  • Das Durchschnittsergebnis liegt bei 31 aus 50
Antwortstatistiken
Marktwert Spieler Verein % Korrekt
110,00 Mio Harry Kane FC Bayern München
98%
110,00 Mio Jamal Musiala FC Bayern München
98%
100,00 Mio Florian Wirtz Bayer 04 Leverkusen
95%
60,00 Mio Min-Jae Kim FC Bayern München
94%
75,00 Mio Joshua Kimmich FC Bayern München
92%
80,00 Mio Leroy Sané FC Bayern München
90%
45,00 Mio Serge Gnabry FC Bayern München
90%
40,00 Mio Leon Goretzka FC Bayern München
89%
70,00 Mio Alphonso Davies FC Bayern München
83%
65,00 Mio Mathijs de Ligt FC Bayern München
83%
40,00 Mio Serhou Guirassy VfB Stuttgart
82%
60,00 Mio Dayot Upamecano FC Bayern München
81%
70,00 Mio Xavi Simons RB Leipzig
81%
50,00 Mio Jeremie Frimpong Bayer 04 Leverkusen
78%
40,00 Mio Julian Brandt Borussia Dortmund
78%
65,00 Mio Kingsley Coman FC Bayern München
78%
55,00 Mio Lois Openda RB Leipzig
78%
40,00 Mio Victor Boniface Bayer 04 Leverkusen
78%
22,00 Mio Patrik Schick Bayer 04 Leverkusen
74%
35,00 Mio Nico Schlotterbeck Borussia Dortmund
73%
22,00 Mio Niklas Süle Borussia Dortmund
70%
35,00 Mio Alejandro Grimaldo Bayer 04 Leverkusen
69%
35,00 Mio Donyell Malen Borussia Dortmund
68%
40,00 Mio Gregor Kobel Borussia Dortmund
68%
50,00 Mio Mathys Tel FC Bayern München
66%
40,00 Mio Edmond Tapsoba Bayer 04 Leverkusen
65%
25,00 Mio Jonathan Tah Bayer 04 Leverkusen
64%
28,00 Mio Konrad Laimer FC Bayern München
61%
40,00 Mio Exequiel Palacios Bayer 04 Leverkusen
56%
28,00 Mio Karim Adeyemi Borussia Dortmund
55%
50,00 Mio Dani Olmo RB Leipzig
53%
25,00 Mio Jonas Wind VfL Wolfsburg
53%
30,00 Mio Noussair Mazraoui FC Bayern München
51%
30,00 Mio Youssoufa Moukoko Borussia Dortmund
49%
25,00 Mio Felix Nmecha Borussia Dortmund
45%
35,00 Mio Manu Koné Borussia Mönchengladbach
45%
35,00 Mio Mohamed Simakan RB Leipzig
44%
35,00 Mio Piero Hincapié Bayer 04 Leverkusen
43%
30,00 Mio Benjamin Sesko RB Leipzig
41%
28,00 Mio Jamie Bynoe-Gittens Borussia Dortmund
41%
28,00 Mio Xaver Schlager RB Leipzig
40%
25,00 Mio Amine Adli Bayer 04 Leverkusen
38%
40,00 Mio Castello Lukeba RB Leipzig
37%
35,00 Mio Odilon Kossounou Bayer 04 Leverkusen
37%
25,00 Mio Enzo Millot VfB Stuttgart
35%
23,00 Mio Nathan Tella Bayer 04 Leverkusen
35%
28,00 Mio Hugo Larsson Eintracht Frankfurt
26%
25,00 Mio Lovro Majer VfL Wolfsburg
24%
24,00 Mio Willian Pacho Eintracht Frankfurt
24%
24,00 Mio Christoph Baumgartner RB Leipzig
20%
Keine übereinstimmenden Quizze gefunden
Verteilung der Resultate
Anzahl Personen mit jedem Resultat
Perzentil nach korrekt beantworteten Fragen
Ihre Resultats-Entwicklung
Sie haben dieses Quiz noch nicht gespielt